000 00412nam a2200145Ia 4500
008 230917s9999||||xx |||||||||||||| ||und||
040 _e177723
_aMAIN
041 _aEnglish
082 _a891.43301731 SR75S
100 _aशर्मा, पिंकी
245 0 _aराजी सेठ की कहानियाँ: कथ्यव शिल्प
260 _c1992
300 _a143 p.
942 _cTH
999 _c74098
_d74098